000 00297nam a22001337a 4500
008 170419b xxu||||| |||| 00| 0 eng d
020 _a071675019
041 _aeng
080 _a573
100 _a11
101 _aSHM
245 _aTIMING OF BIOLOGICAL CLOCS
_cWINFREE.A.T
942 _2udc
_cBK
999 _c11227
_d11227